<?xml version="1.0" encoding="UTF-8"?>
<marc:record xmlns:marc="http://www.loc.gov/MARC21/slim">
   <marc:leader>00000nam a2200000 a 4500</marc:leader>
   <marc:datafield ind1="1" ind2=" " tag="100">
      <marc:subfield code="a">Hadler, Colin</marc:subfield>
      <marc:subfield code="4">aut</marc:subfield>
      <marc:subfield code="e">Verfasser/-in</marc:subfield>
   </marc:datafield>
   <marc:datafield ind1=" " ind2=" " tag="653">
      <marc:subfield code="a">Identitätsfindung</marc:subfield>
   </marc:datafield>
   <marc:datafield ind1=" " ind2=" " tag="653">
      <marc:subfield code="a">Abenteuer</marc:subfield>
   </marc:datafield>
   <marc:datafield ind1=" " ind2=" " tag="653">
      <marc:subfield code="a">Jugendthriller</marc:subfield>
   </marc:datafield>
   <marc:datafield ind1="0" ind2="0" tag="245">
      <marc:subfield code="a">Ancora</marc:subfield>
   </marc:datafield>
   <marc:datafield ind1="0" ind2="0" tag="245">
      <marc:subfield code="b">die Zeit ist gegen dich</marc:subfield>
   </marc:datafield>
   <marc:datafield ind1="0" ind2="0" tag="245">
      <marc:subfield code="c">Hadler, Colin</marc:subfield>
   </marc:datafield>
   <marc:datafield ind1=" " ind2="1" tag="264">
      <marc:subfield code="a">Stuttgart</marc:subfield>
      <marc:subfield code="b">Planet!</marc:subfield>
      <marc:subfield code="c">2022</marc:subfield>
   </marc:datafield>
   <marc:datafield ind1="1" ind2=" " tag="520">
      <marc:subfield code="a">Nervenaufreibender Mystery-Thriller&#xD;
Romy verbringt die Ferien mit ihren Freunden Aurel und Jannis im abgeschiedenen Dorf Ancora. Ohne Handy, mitten in der Natur. Doch im Dorf häufen sich seltsame Ereignisse und Romy merkt, dass ihr unbeschwerter Sommer auf der Kippe steht. Schockiert muss sie feststellen, dass alles, was sie gerade erlebt, exakt einem Gedicht ihrer Mutter entspricht. Doch was hat ihre Mutter mit Ancora zu tun? Und warum endet die letzte Gedichtzeile mit Romys Tod? Um Ancora zu verstehen, muss Romy tief in der Vergangenheit graben und Geschehnisse ans Tageslicht bringen, die besser verborgen geblieben wären. Eine dunkle Bedrohung bahnt sich an – und die Frage: Kann ein Gedicht Wirklichkeit werden?Ancora ist ein Standalone.</marc:subfield>
   </marc:datafield>
   <marc:datafield ind1=" " ind2=" " tag="020">
      <marc:subfield code="a">9783522507202</marc:subfield>
      <marc:subfield code="9">9783522507202</marc:subfield>
   </marc:datafield>
   <marc:datafield ind1=" " ind2=" " tag="020">
      <marc:subfield code="a">3522507207</marc:subfield>
      <marc:subfield code="9">3522507207</marc:subfield>
   </marc:datafield>
   <marc:datafield ind1=" " ind2=" " tag="041">
      <marc:subfield code="a">ger</marc:subfield>
   </marc:datafield>
   <marc:datafield ind1="1" ind2=" " tag="521">
      <marc:subfield code="a">Jugend</marc:subfield>
   </marc:datafield>
   <marc:datafield ind1=" " ind2=" " tag="300">
      <marc:subfield code="a">343 Seiten</marc:subfield>
   </marc:datafield>
</marc:record>
